[Event "HUN-chT 2324"]
[Site "Hungary"]
[Date "2024.03.03"]
[Round "5.6"]
[White "Medvegy, Zoltan"]
[Black "Kovacs, Gabor H"]
[Result "1-0"]
[WhiteElo "2511"]
[BlackElo "2398"]
[PlyCount "116"]
[EventDate "2023.10.28"]
[EventType "team-tourn"]
[EventRounds "9"]
[EventCountry "HUN"]
[SourceTitle "CB16_2024"]
[SourceDate "2024.04.17"]
[SourceVersion "1"]
[SourceVersionDate "2024.04.17"]
[SourceQuality "1"]
[WhiteTeam "Tungsram ANSK"]
[BlackTeam "Haladas"]
[WhiteTeamCountry "HUN"]
[BlackTeamCountry "HUN"]

1. c4 e6 2. g3 d5 3. Bg2 Nf6 4. Nf3 Be7 5. d4 0-0 6. 0-0 dxc4 7. Ne5 Nc6 8. Bxc6 bxc6 9. Nxc6 Qe8 10. Nxe7+ Qxe7 11. Qc2 c5 12. dxc5 Qxc5 13. Be3 Qc6 14. f3 e5 15. Nc3 Re8 16. Qa4 Qe6 17. Rad1 Bb7 18. Qb5 Bc6 19. Qc5 Rec8 20. Rd6 Qe8 21. Qxc4 Rab8 22. Bg5 Ba8 23. Qh4 Nd7 24. Qa4 Nf8 25. Qxe8 Rxe8 26. b3 Rec8 27. Rc1 Rc6 28. Rxc6 Bxc6 29. Ne4 Bb5 30. Kf2 Ne6 31. Be3 a6 32. g4 f6 33. Rd1 Rc8 34. Nd6 Rd8 35. Ke1 Bc6 36. Nc4 Kf7 37. Rxd8 Nxd8 38. Kd2 Ke6 39. Bc5 Nb7 40. Bf8 g6 41. e4 f5 42. Kd3 fxe4+ 43. fxe4 Nd8 44. g5 Nf7 45. h4 Nd8 46. a4 Nb7 47. Ke3 Be8 48. Bb4 Nd8 49. Bd6 Nc6 50. Bc5 Nd8 51. Kd3 Nb7 52. Bf8 Bc6 53. Bb4 Be8 54. Ne3 Bc6 55. Ng4 Nd8 56. Bf8 Nb7 57. Nf6 Kf7 58. Bb4 h5 1-0

[Event "HUN-ch Rapid"]
[Site "Ajka"]
[Date "2023.07.23"]
[Round "12"]
[White "Miszler, Levente"]
[Black "Medvegy, Zoltan"]
[Result "1-0"]
[WhiteElo "2301"]
[BlackElo "2511"]
[PlyCount "95"]
[EventDate "2023.07.21"]
[EventType "swiss (rapid)"]
[EventRounds "13"]
[EventCountry "HUN"]
[SourceTitle "CBM 215 Extra"]
[Source "ChessBase"]
[SourceDate "2023.09.30"]
[SourceVersion "1"]
[SourceVersionDate "2023.09.30"]
[SourceQuality "1"]

1. d4 Nf6 2. c4 e6 3. g3 d5 4. Bg2 h6 5. Nf3 Bd6 6. 0-0 0-0 7. b3 Nc6 8. Bb2 b6 9. Nbd2 Bb7 10. Rc1 Qe7 11. Qc2 Nb4 12. Qb1 dxc4 13. bxc4 c5 14. e4 Nd7 15. a3 Nc6 16. d5 Nd4 17. Nxd4 cxd4 18. Bxd4 Bxa3 19. Bb2 e5 20. Bh3 Bxb2 21. Qxb2 Nc5 22. Qc2 Bc8 23. Bg2 Bd7 24. Ra1 f5 25. exf5 Bxf5 26. Qc3 Qd6 27. Rfe1 Rfe8 28. Nb3 Nd7 29. Be4 Bxe4 30. Rxe4 a5 31. Rae1 Rf8 32. Nc1 Rac8 33. Qb2 Nf6 34. Rxe5 Rxc4 35. Re6 Qxd5 36. Qxb6 a4 37. R6e2 Rfc8 38. Na2 Qc6 39. Qxc6 R8xc6 40. Re7 Rb6 41. Ra7 Rb2 42. Nc1 Rd2 43. Ne2 Rcc2 44. Nf4 Rxf2 45. Ree7 Rfd2 46. Rxg7+ Kf8 47. Ne6+ Ke8 48. Rge7# 1-0

[Event "HUN-ch Rapid"]
[Site "Ajka"]
[Date "2023.07.22"]
[Round "7"]
[White "Medvegy, Zoltan"]
[Black "Balog, Imre1111"]
[Result "0-1"]
[WhiteElo "2511"]
[BlackElo "2622"]
[PlyCount "44"]
[EventDate "2023.07.21"]
[EventType "swiss (rapid)"]
[EventRounds "13"]
[EventCountry "HUN"]
[SourceTitle "CBM 215 Extra"]
[Source "ChessBase"]
[SourceDate "2023.09.30"]
[SourceVersion "1"]
[SourceVersionDate "2023.09.30"]
[SourceQuality "1"]

1. e4 e6 2. d4 d5 3. Nc3 Nc6 4. Nf3 Nf6 5. exd5 exd5 6. Bb5 Bb4 7. Ne5 0-0 8. Bxc6 bxc6 9. 0-0 Bxc3 10. bxc3 Ne4 11. f3 Nxc3 12. Qd3 Na4 13. Ba3 Re8 14. Nxc6 Qf6 15. Qb5 Bd7 16. Qxa4 Bxc6 17. Qb4 Re2 18. Rf2 Rxf2 19. Kxf2 Re8 20. Kg1 h5 21. Rf1 Qh4 22. h3 a6 0-1

[Event "BL2-Sued 2223"]
[Site "Germany"]
[Date "2023.03.19"]
[Round "10.3"]
[White "Ginsburg, Gennadij"]
[Black "Medvegy, Zoltan"]
[Result "1/2-1/2"]
[WhiteElo "2394"]
[BlackElo "2526"]
[PlyCount "32"]
[EventDate "2022.10.22"]
[EventType "team-tourn"]
[EventRounds "9"]
[EventCountry "GER"]
[SourceTitle "EXT 2024"]
[Source "ChessBase"]
[SourceDate "2023.10.10"]
[SourceVersion "1"]
[SourceVersionDate "2023.10.10"]
[SourceQuality "1"]
[WhiteTeam "Hofheim"]
[BlackTeam "Eppingen"]
[WhiteTeamCountry "GER"]
[BlackTeamCountry "GER"]

1. Nf3 Nf6 2. d4 c5 3. d5 b5 4. c4 g6 5. Nbd2 Bg7 6. e4 0-0 7. cxb5 a6 8. bxa6 Qa5 9. Be2 Nxe4 10. 0-0 Nxd2 11. Bxd2 Qb6 12. Bc3 Bxc3 13. bxc3 Qf6 14. Qd2 Bxa6 15. Rfe1 Bxe2 16. Rxe2 d6 1/2-1/2

[Event "BL2-Sued 2223"]
[Site "Germany"]
[Date "2022.11.25"]
[Round "6.4"]
[White "Nemeth, Miklos"]
[Black "Medvegy, Zoltan"]
[Result "1/2-1/2"]
[WhiteElo "2459"]
[BlackElo "2526"]
[PlyCount "49"]
[EventDate "2022.10.22"]
[EventType "team-tourn"]
[EventRounds "9"]
[EventCountry "GER"]
[SourceTitle "EXT 2024"]
[Source "ChessBase"]
[SourceDate "2023.10.10"]
[SourceVersion "1"]
[SourceVersionDate "2023.10.10"]
[SourceQuality "1"]
[WhiteTeam "Speyer Schwegenheim"]
[BlackTeam "Eppingen"]
[WhiteTeamCountry "GER"]
[BlackTeamCountry "GER"]

1. e4 e6 2. d4 d5 3. Nd2 dxe4 4. Nxe4 Bd7 5. Nf3 Bc6 6. Bd3 Nd7 7. 0-0 Ngf6 8. Ng3 Be7 9. Re1 0-0 10. c3 Re8 11. Qe2 Bxf3 12. Qxf3 c6 13. Re2 g6 14. Bh6 Bf8 15. Bg5 h6 16. Bxf6 Qxf6 17. Qxf6 Nxf6 18. Ne4 Nxe4 19. Bxe4 e5 20. dxe5 Rxe5 21. Rae1 Rae8 22. Kf1 Kg7 23. Bc2 Rxe2 24. Rxe2 Rxe2 25. Kxe2 1/2-1/2

[Event "CRO-chT1B 30th"]
[Site "Porec"]
[Date "2022.10.01"]
[Round "8.42"]
[White "Medvegy, Zoltan"]
[Black "Saraci, Nderim"]
[Result "1/2-1/2"]
[WhiteElo "2526"]
[BlackElo "2490"]
[PlyCount "111"]
[EventDate "2022.09.24"]
[EventType "team-tourn"]
[EventRounds "9"]
[EventCountry "CRO"]
[SourceTitle "CBM 210 Extra"]
[Source "ChessBase"]
[SourceDate "2022.11.30"]
[SourceVersion "1"]
[SourceVersionDate "2022.11.30"]
[SourceQuality "1"]
[WhiteTeam "Bibinje Goran"]
[BlackTeam "Vinkovci"]
[WhiteTeamCountry "CRO"]
[BlackTeamCountry "CRO"]

1. Nf3 Nf6 2. g3 g6 3. b3 Bg7 4. Bb2 0-0 5. Bg2 d5 6. c4 c6 7. 0-0 a5 8. d3 Bg4 9. Nbd2 Nbd7 10. h3 Bxf3 11. Nxf3 Re8 12. cxd5 cxd5 13. Rc1 Nb8 14. Qd2 Nc6 15. Ne5 Qb6 16. Nxc6 bxc6 17. Rc2 e5 18. h4 h5 19. Rfc1 Ng4 20. e3 Re6 21. Ba3 Rf6 22. Qe1 a4 23. Qb4 Qxb4 24. Bxb4 axb3 25. axb3 Rb8 26. Be1 Rxb3 27. Bf1 Bh6 28. Rxc6 Rxc6 29. Rxc6 Rb1 30. Bc3 Rc1 31. Rc8+ Kh7 32. Rc7 Kg8 33. Bxe5 Rxf1+ 34. Kxf1 Nxe5 35. Rc8+ Bf8 36. Ke2 Ng4 37. Ra8 Kg7 38. Ra5 Nf6 39. Rb5 Bd6 40. Rb6 Bc5 41. Rb7 Bd6 42. Kf3 Ng4 43. Rb6 Be7 44. Ra6 Nf6 45. Ke2 Ne8 46. Ra5 Nc7 47. Ra7 Bd6 48. Rb7 Kf6 49. Kf3 Ne8 50. Ra7 Ke6 51. Ra8 Nf6 52. Ke2 Ng4 53. Ra6 Ke7 54. Ra5 Ke6 55. Ra8 Ke7 56. Ra7+ 1/2-1/2

[Event "CRO-chT1B 30th"]
[Site "Porec"]
[Date "2022.09.27"]
[Round "4.22"]
[White "Medvegy, Zoltan"]
[Black "Maksimovic, Bojan"]
[Result "0-1"]
[WhiteElo "2526"]
[BlackElo "2468"]
[PlyCount "76"]
[EventDate "2022.09.24"]
[EventType "team-tourn"]
[EventRounds "9"]
[EventCountry "CRO"]
[SourceTitle "CBM 210 Extra"]
[Source "ChessBase"]
[SourceDate "2022.11.30"]
[SourceVersion "1"]
[SourceVersionDate "2022.11.30"]
[SourceQuality "1"]
[WhiteTeam "Bibinje Goran"]
[BlackTeam "Sveta Nedelja"]
[WhiteTeamCountry "CRO"]
[BlackTeamCountry "CRO"]

1. Nf3 Nf6 2. g3 g6 3. b3 Bg7 4. Bb2 d6 5. d4 c5 6. Bg2 Qa5+ 7. Qd2 Qxd2+ 8. Nbxd2 Na6 9. c4 0-0 10. 0-0 Bd7 11. e4 cxd4 12. e5 Ng4 13. exd6 e5 14. h3 Nh6 15. Nxe5 Bxe5 16. Bxb7 Nc5 17. Bxa8 Rxa8 18. Rfe1 Bxd6 19. Bxd4 Bxh3 20. Ne4 Nxe4 21. Rxe4 Bf5 22. Rh4 Ng4 23. f3 Ne5 24. Kg2 g5 25. Rh6 Bg6 26. Rd1 a5 27. Bb6 Bf8 28. Rhh1 g4 29. Rd5 gxf3+ 30. Kf2 Re8 31. Rhd1 Be4 32. Rd8 Ng4+ 33. Kf1 Re5 34. Re1 Kg7 35. Bd4 Bd3+ 36. Kg1 Bc5 37. Rxe5 Bxd4+ 38. Kh1 f2 0-1

[Event "BL2-Sued 2122"]
[Site "Germany"]
[Date "2022.07.03"]
[Round "10.2"]
[White "Doric, Darko"]
[Black "Medvegy, Zoltan"]
[Result "1/2-1/2"]
[WhiteElo "2481"]
[BlackElo "2528"]
[PlyCount "20"]
[EventDate "2022.03.05"]
[EventType "team-tourn"]
[EventRounds "10"]
[EventCountry "GER"]
[SourceTitle "EXT 2023"]
[Source "ChessBase"]
[SourceDate "2022.10.05"]
[SourceVersion "1"]
[SourceVersionDate "2022.10.05"]
[SourceQuality "1"]
[WhiteTeam "Schoenaich"]
[BlackTeam "Eppingen"]
[WhiteTeamCountry "GER"]
[BlackTeamCountry "GER"]

1. d4 e6 2. e4 d5 3. exd5 exd5 4. Nf3 Bd6 5. Bd3 Ne7 6. 0-0 0-0 7. Nc3 c6 8. Re1 Bf5 9. Ne2 Re8 10. Bf4 Bxd3 1/2-1/2

[Event "FRA-chT Top 16 Gp Haute"]
[Site "Chartres"]
[Date "2022.06.18"]
[Round "3.1"]
[White "Medvegy, Zoltan"]
[Black "Nezar, Mustapha"]
[Result "1-0"]
[WhiteElo "2528"]
[BlackElo "2357"]
[PlyCount "87"]
[EventDate "2022.06.16"]
[EventType "team-tourn"]
[EventRounds "4"]
[EventCountry "FRA"]
[SourceTitle "CBM 208 Extra"]
[Source "ChessBase"]
[SourceDate "2022.07.31"]
[SourceVersion "1"]
[SourceVersionDate "2022.07.31"]
[SourceQuality "1"]
[WhiteTeam "Chartres"]
[BlackTeam "Vandoeuvre"]
[WhiteTeamCountry "FRA"]
[BlackTeamCountry "FRA"]

1. Nf3 d5 2. c4 c6 3. g3 g6 4. Qa4 dxc4 5. Qxc4 Bg7 6. Bg2 Nf6 7. 0-0 0-0 8. d3 Na6 9. a3 Qa5 10. b4 Qh5 11. Bb2 Nc7 12. Qc5 Ne6 13. Qxh5 Nxh5 14. Bxg7 Kxg7 15. Nc3 Nf6 16. Rfc1 Bd7 17. Ne5 Rfd8 18. Rab1 Rac8 19. e3 Nc7 20. Nxd7 Nxd7 21. a4 a6 22. d4 e6 23. b5 axb5 24. axb5 Nxb5 25. Nxb5 cxb5 26. Rxc8 Rxc8 27. Bxb7 Rc7 28. Rxb5 e5 29. Kg2 exd4 30. exd4 Nf6 31. d5 Ne4 32. Bc6 Nd6 33. Rb8 Kf6 34. Rd8 Ke7 35. Ra8 h5 36. Kf3 Nf5 37. Kf4 Nd6 38. f3 Nf5 39. Ke5 Nd6 40. Kd4 Nc8 41. Kc5 g5 42. Ra1 h4 43. d6+ Nxd6 44. Re1+ 1-0

[Event "BL2-Sued 2122"]
[Site "Germany"]
[Date "2022.05.01"]
[Round "4.3"]
[White "Medvegy, Zoltan"]
[Black "Seitz, Patrick"]
[Result "1-0"]
[WhiteElo "2521"]
[BlackElo "2193"]
[PlyCount "71"]
[EventDate "2022.03.05"]
[EventType "team-tourn"]
[EventRounds "10"]
[EventCountry "GER"]
[SourceTitle "EXT 2023"]
[Source "ChessBase"]
[SourceDate "2022.10.05"]
[SourceVersion "1"]
[SourceVersionDate "2022.10.05"]
[SourceQuality "1"]
[WhiteTeam "Eppingen"]
[BlackTeam "Boeblingen"]
[WhiteTeamCountry "GER"]
[BlackTeamCountry "GER"]

1. d4 Nf6 2. c4 c5 3. d5 e6 4. Nc3 exd5 5. cxd5 d6 6. Nf3 g6 7. g3 Bg7 8. Bg2 0-0 9. 0-0 h6 10. Nd2 b6 11. Rb1 Re8 12. Re1 g5 13. h3 Ba6 14. a3 c4 15. Nf3 Nbd7 16. h4 Nh7 17. hxg5 Nxg5 18. Nh4 Nc5 19. Nf5 Bf8 20. Bf4 Qf6 21. Nd4 Bc8 22. Ncb5 Rb8 23. Bxg5 hxg5 24. Nxa7 Bg4 25. Nac6 Rbc8 26. Qc2 b5 27. Nxb5 Bf5 28. e4 Nd3 29. Re3 Bd7 30. Nba7 Rc7 31. Rf3 Qh8 32. Re3 Bg7 33. Nb5 Rxc6 34. dxc6 Bxc6 35. Nxd6 Rd8 36. Nxf7 1-0

[Event "BL2-Sued 2122"]
[Site "Germany"]
[Date "2022.03.05"]
[Round "1.3"]
[White "Breder, Dennis"]
[Black "Medvegy, Zoltan"]
[Result "0-1"]
[WhiteElo "2481"]
[BlackElo "2510"]
[PlyCount "118"]
[EventDate "2022.03.05"]
[EventType "team-tourn"]
[EventRounds "10"]
[EventCountry "GER"]
[SourceTitle "EXT 2023"]
[Source "ChessBase"]
[SourceDate "2022.10.05"]
[SourceVersion "1"]
[SourceVersionDate "2022.10.05"]
[SourceQuality "1"]
[WhiteTeam "Baden-Baden II"]
[BlackTeam "Eppingen"]
[WhiteTeamCountry "GER"]
[BlackTeamCountry "GER"]

1. e4 e6 2. d4 d5 3. Nd2 dxe4 4. Nxe4 Bd7 5. Nf3 Bc6 6. Bd3 Nd7 7. Qe2 Ngf6 8. 0-0 Bxe4 9. Bxe4 Nxe4 10. Qxe4 c6 11. c4 Be7 12. Rd1 0-0 13. Bf4 Re8 14. Ne5 Nxe5 15. Bxe5 f6 16. Bf4 Bd6 17. Bd2 Qc7 18. h3 a5 19. a4 e5 20. d5 Bc5 21. Be3 Bxe3 22. Qxe3 cxd5 23. cxd5 Qd6 24. Ra3 Rec8 25. Rb3 Rab8 26. Rb6 Qc5 27. d6 Qxe3 28. fxe3 Rc6 29. Rxc6 bxc6 30. d7 Rd8 31. b4 axb4 32. a5 Kf7 33. Rc1 Rxd7 34. Rxc6 Ra7 35. a6 b3 36. Rb6 b2 37. Rxb2 Rxa6 38. Kf2 f5 39. Kf3 Kf6 40. h4 h6 41. h5 Ra7 42. Rb5 Re7 43. e4 fxe4+ 44. Kxe4 Kg5 45. Rb3 Kxh5 46. Kf5 Rf7+ 47. Kxe5 Rf2 48. Rg3 g5 49. Ke4 g4 50. Ke3 Ra2 51. Kf4 Rb2 52. Kf5 Rf2+ 53. Ke4 Kh4 54. Rd3 Rxg2 55. Kf5 h5 56. Kg6 Ra2 57. Rd4 Ra6+ 58. Kf5 Kh3 59. Rd3+ g3 0-1

[Event "HUN-ch 69th"]
[Site "Budapest"]
[Date "2021.12.15"]
[Round "7"]
[White "Medvegy, Zoltan"]
[Black "Aczel, Gergely"]
[Result "0-1"]
[WhiteElo "2527"]
[BlackElo "2553"]
[PlyCount "72"]
[EventDate "2021.12.07"]
[EventType "tourn"]
[EventRounds "9"]
[EventCountry "HUN"]
[EventCategory "13"]
[SourceTitle "CBM 206"]
[Source "ChessBase"]
[SourceDate "2022.02.28"]
[SourceVersion "1"]
[SourceVersionDate "2022.02.28"]
[SourceQuality "1"]

1. c4 e6 2. Nc3 b6 3. e4 Bb7 4. g3 f5 5. d3 Nf6 6. Bg2 Bb4 7. Nge2 0-0 8. 0-0 fxe4 9. dxe4 a5 10. h3 e5 11. Nd5 Nxd5 12. exd5 Bc5 13. Nc3 d6 14. Ne4 h6 15. Nxc5 bxc5 16. a4 Na6 17. f4 exf4 18. Bxf4 Bc8 19. Bd2 Nb4 20. Qh5 Bd7 21. Be4 Rxf1+ 22. Rxf1 Qe8 23. Bg6 Qe5 24. Qxe5 dxe5 25. Bc3 Bxh3 26. Rf7 Ra6 27. Bh5 g6 28. Rxc7 gxh5 29. Rxc5 Nd3 30. Rxa5 Rf6 31. Kh2 Bg4 32. Kg1 Nf2 33. Kf1 Ne4+ 34. Ke1 Rf2 35. d6 Rh2 36. Kf1 Bf3 0-1

[Event "HUN-ch 69th"]
[Site "Budapest"]
[Date "2021.12.14"]
[Round "6"]
[White "Banusz, Tamas"]
[Black "Medvegy, Zoltan"]
[Result "1/2-1/2"]
[WhiteElo "2591"]
[BlackElo "2527"]
[PlyCount "84"]
[EventDate "2021.12.07"]
[EventType "tourn"]
[EventRounds "9"]
[EventCountry "HUN"]
[EventCategory "13"]
[SourceTitle "CBM 206"]
[Source "ChessBase"]
[SourceDate "2022.02.28"]
[SourceVersion "1"]
[SourceVersionDate "2022.02.28"]
[SourceQuality "1"]

1. Nf3 Nf6 2. c4 b6 3. g3 Bb7 4. Bg2 c5 5. 0-0 g6 6. d4 cxd4 7. Qxd4 Bg7 8. Nc3 d6 9. Rd1 Nbd7 10. Be3 Nc5 11. Rac1 0-0 12. Qh4 Nce4 13. Nxe4 Bxe4 14. Bd4 Re8 15. Bxf6 exf6 16. Nd4 Bxg2 17. Kxg2 Qd7 18. Qf4 f5 19. Qf3 Re4 20. e3 Rc8 21. b3 Bxd4 22. Rxd4 Rxd4 23. exd4 Re8 24. Qd5 Qe7 25. Kg1 f4 26. Kg2 Qe2 27. Rc3 Re6 28. Rf3 fxg3 29. hxg3 Qe4 30. Qxe4 Rxe4 31. Re3 Rxd4 32. Re7 a5 33. Rb7 d5 34. cxd5 Rxd5 35. Rxb6 a4 36. bxa4 Rd2 37. a5 Rxa2 38. a6 h5 39. Kf3 Ra4 40. Ke3 g5 41. Rb5 f6 42. Rb6 Kg7 1/2-1/2

[Event "HUN-ch 69th"]
[Site "Budapest"]
[Date "2021.12.10"]
[Round "4"]
[White "Kantor, Gergely"]
[Black "Medvegy, Zoltan"]
[Result "1-0"]
[WhiteElo "2575"]
[BlackElo "2527"]
[PlyCount "128"]
[EventDate "2021.12.07"]
[EventType "tourn"]
[EventRounds "9"]
[EventCountry "HUN"]
[EventCategory "13"]
[SourceTitle "CBM 206"]
[Source "ChessBase"]
[SourceDate "2022.02.28"]
[SourceVersion "1"]
[SourceVersionDate "2022.02.28"]
[SourceQuality "1"]

1. e4 e6 2. d4 d5 3. Nc3 dxe4 4. Nxe4 Bd7 5. Nf3 Bc6 6. Bd3 Nd7 7. c3 Ngf6 8. Nxf6+ Nxf6 9. 0-0 Bxf3 10. Qxf3 c6 11. Qe2 Be7 12. f4 g6 13. Bd2 0-0 14. Rae1 Nd5 15. g4 Bf6 16. Qf3 b5 17. Kh1 Rb8 18. f5 Bg5 19. Bxg5 Qxg5 20. f6 Rfd8 21. Re5 Qh4 22. Qg2 b4 23. g5 bxc3 24. Re4 Qh5 25. b3 h6 26. Re5 Rb4 27. Be2 Qh4 28. Re4 Qxg5 29. Rg4 Ne3 30. Rxg5 Nxg2 31. Rxg2 Rbxd4 32. Rc1 Rd2 33. Bc4 Rxg2 34. Kxg2 Rd2+ 35. Kg3 Rxa2 36. Rxc3 h5 37. Rd3 h4+ 38. Kxh4 Rf2 39. Rd8+ Kh7 40. Rd7 Rxf6 41. Rxa7 Kg7 42. Ra5 Rf3 43. Rc5 Kh6 44. Kg4 Rc3 45. h4 f5+ 46. Kf4 Rh3 47. Bxe6 Rxh4+ 48. Kf3 Kg5 49. Rxc6 Rh3+ 50. Kg2 Rh7 51. b4 Rb7 52. Rc4 Re7 53. Bd5 Re2+ 54. Kf3 Rb2 55. Rd4 Kf6 56. Bc6 g5 57. b5 Rb3+ 58. Ke2 g4 59. Rd3 Rb4 60. Kd2 f4 61. Kc3 Rb1 62. Kc2 Rb4 63. Rb3 Rc4+ 64. Kd3 Rc1 1-0

[Event "HUN-ch 69th"]
[Site "Budapest"]
[Date "2021.12.07"]
[Round "1"]
[White "Antal, Gergely"]
[Black "Medvegy, Zoltan"]
[Result "1-0"]
[WhiteElo "2561"]
[BlackElo "2527"]
[PlyCount "65"]
[EventDate "2021.12.07"]
[EventType "tourn"]
[EventRounds "9"]
[EventCountry "HUN"]
[EventCategory "13"]
[SourceTitle "CBM 206"]
[Source "ChessBase"]
[SourceDate "2022.02.28"]
[SourceVersion "1"]
[SourceVersionDate "2022.02.28"]
[SourceQuality "1"]

1. e4 e6 2. d4 d5 3. Nd2 Be7 4. c3 c5 5. dxc5 Nf6 6. e5 Nfd7 7. f4 b6 8. cxb6 Qxb6 9. Nb3 a5 10. Nf3 0-0 11. Nbd4 a4 12. Rb1 Nc5 13. Be3 Ne4 14. Nd2 Nc6 15. Bd3 Nc5 16. Be2 Ba6 17. 0-0 Rfc8 18. b4 axb3 19. axb3 Ne4 20. Nxe4 dxe4 21. b4 Bxe2 22. Qxe2 Qb7 23. Ra1 Rxa1 24. Rxa1 Bd8 25. Qa6 Qd7 26. Qb5 g5 27. g3 gxf4 28. gxf4 f6 29. Kh1 Qe8 30. Nxc6 Rxc6 31. Ra8 Qd7 32. Bd4 fxe5 33. Qxe5 1-0

[Event "HUN-chT 2122"]
[Site "Hungary"]
[Date "2021.12.05"]
[Round "3.9"]
[White "Medvegy, Zoltan"]
[Black "Krizsany, Laszlo"]
[Result "1-0"]
[WhiteElo "2529"]
[BlackElo "2401"]
[PlyCount "135"]
[EventDate "2021.10.10"]
[EventType "team-tourn"]
[EventRounds "9"]
[EventCountry "HUN"]
[SourceTitle "EXT 2023"]
[Source "ChessBase"]
[SourceDate "2022.10.05"]
[SourceVersion "1"]
[SourceVersionDate "2022.10.05"]
[SourceQuality "1"]
[WhiteTeam "Tungsram ANSK"]
[BlackTeam "Kobanya Aquarena"]
[WhiteTeamCountry "HUN"]
[BlackTeamCountry "HUN"]

1. d4 b6 2. e4 Bb7 3. Bd3 e6 4. Qe2 d5 5. Nf3 Nf6 6. e5 Nfd7 7. 0-0 c5 8. c3 Be7 9. Be3 Nc6 10. a3 c4 11. Bc2 b5 12. Nbd2 a5 13. b3 cxb3 14. Nxb3 Ba6 15. Bd3 a4 16. Nbd2 Qa5 17. Rfb1 Na7 18. Rc1 Rc8 19. Nb1 h6 20. Ne1 Nb6 21. Qg4 g6 22. Nc2 Nc4 23. Nb4 Qb6 24. Bxc4 bxc4 25. Nd2 Nb5 26. Qd1 Qa5 27. Nf3 Kf8 28. Qd2 Kg7 29. h3 Bb7 30. Nh2 Qd8 31. Rf1 Bc6 32. Ng4 h5 33. Nh2 h4 34. Ng4 Rh5 35. Rfe1 Bd7 36. Ra2 Ra8 37. Rb1 Ra7 38. Nh2 Be8 39. Kh1 Bd7 40. Nf3 Ra8 41. Rc1 Rf5 42. Qe2 Qh8 43. Nh2 Qd8 44. g4 hxg3 45. fxg3 Rh5 46. h4 Qc7 47. Bf4 Rah8 48. Qf3 Qd8 49. Rf1 Be8 50. Kg1 g5 51. Bc1 gxh4 52. g4 R5h7 53. Nc6 Qc7 54. Nxe7 Qxe7 55. g5 Kf8 56. Ng4 Rg7 57. Nf6 Bc6 58. Rb2 Qd8 59. Kh2 h3 60. Nh5 Rxh5 61. Qxh5 Kg8 62. Rbf2 Be8 63. Rf6 Rg6 64. Qf3 Qe7 65. Rf2 Nxa3 66. Rxg6+ fxg6 67. Bxa3 Qxa3 68. Qf6 1-0

[Event "HUN-chT 2122"]
[Site "Hungary"]
[Date "2021.10.31"]
[Round "2.7"]
[White "Torma, Robert"]
[Black "Medvegy, Zoltan"]
[Result "0-1"]
[WhiteElo "2429"]
[BlackElo "2529"]
[PlyCount "80"]
[EventDate "2021.10.10"]
[EventType "team-tourn"]
[EventRounds "9"]
[EventCountry "HUN"]
[SourceTitle "EXT 2023"]
[Source "ChessBase"]
[SourceDate "2022.10.05"]
[SourceVersion "1"]
[SourceVersionDate "2022.10.05"]
[SourceQuality "1"]
[WhiteTeam "Biatorbagy"]
[BlackTeam "Tungsram ANSK"]
[WhiteTeamCountry "HUN"]
[BlackTeamCountry "HUN"]

1. d4 Nf6 2. c4 e6 3. Nc3 Bb4 4. e3 c5 5. Nge2 cxd4 6. exd4 0-0 7. a3 Be7 8. Nf4 d6 9. Be2 e5 10. dxe5 dxe5 11. Nfd5 Nxd5 12. Nxd5 Be6 13. 0-0 Bxd5 14. cxd5 Bd6 15. Qb3 b6 16. Qh3 f5 17. Bd2 Nd7 18. Bc3 Nc5 19. b4 Ne4 20. Bb2 a5 21. bxa5 Rxa5 22. Rad1 Kh8 23. Qb3 Qc7 24. Rc1 Rc5 25. Rxc5 Bxc5 26. Qb5 Qd6 27. Qc6 Rd8 28. g4 Qxd5 29. Qxd5 Rxd5 30. Bf3 Rd2 31. Bxe4 fxe4 32. Bxe5 Kg8 33. Bg3 Bxa3 34. Re1 Rd4 35. Be5 Rc4 36. Kg2 Bc5 37. Kg3 Kf7 38. Ra1 g5 39. f4 Ke6 40. Bh8 Bd6 0-1

[Event "CRO-chT1B 29th"]
[Site "Mali Losinj"]
[Date "2021.10.01"]
[Round "9.5"]
[White "Medvegy, Zoltan"]
[Black "Nemeth, Miklos"]
[Result "1/2-1/2"]
[WhiteElo "2521"]
[BlackElo "2474"]
[PlyCount "67"]
[EventDate "2021.09.25"]
[EventType "team-tourn"]
[EventRounds "11"]
[EventCountry "CRO"]
[SourceTitle "CBM 204 Extra"]
[Source "ChessBase"]
[SourceDate "2021.11.30"]
[SourceVersion "1"]
[SourceVersionDate "2021.11.30"]
[SourceQuality "1"]
[WhiteTeam "Bibinje Goran"]
[BlackTeam "Strigova Stridon"]
[WhiteTeamCountry "CRO"]
[BlackTeamCountry "CRO"]

1. d4 Nf6 2. c4 e6 3. Nf3 b6 4. g3 Bb4+ 5. Bd2 a5 6. Bg2 0-0 7. 0-0 Bb7 8. Bf4 Be7 9. Qc2 Be4 10. Qc1 Bb7 11. Nc3 Ne4 12. Nb5 Na6 13. Ng5 d5 14. Nxe4 dxe4 15. Rd1 f5 16. f3 exf3 17. Bxf3 c6 18. Qe3 Qd7 19. Nc3 Rae8 20. Kg2 Bf6 21. Na4 Qe7 22. Be5 Nb4 23. Bxf6 Rxf6 24. Nxb6 Nc2 25. Qc3 Nxa1 26. Rxa1 e5 27. dxe5 Re6 28. Rd1 Rxe5 29. Rd7 Qe6 30. Rxb7 Rxe2+ 31. Kf1 Re1+ 32. Kg2 Re2+ 33. Kf1 Re1+ 34. Kg2 1/2-1/2

[Event "CRO-chT1B 29th"]
[Site "Mali Losinj"]
[Date "2021.09.29"]
[Round "6.42"]
[White "Szabo, Bence"]
[Black "Medvegy, Zoltan"]
[Result "1/2-1/2"]
[WhiteElo "2359"]
[BlackElo "2521"]
[PlyCount "38"]
[EventDate "2021.09.25"]
[EventType "team-tourn"]
[EventRounds "11"]
[EventCountry "CRO"]
[SourceTitle "CBM 204 Extra"]
[Source "ChessBase"]
[SourceDate "2021.11.30"]
[SourceVersion "1"]
[SourceVersionDate "2021.11.30"]
[SourceQuality "1"]
[WhiteTeam "Bjelovar"]
[BlackTeam "Bibinje Goran"]
[WhiteTeamCountry "CRO"]
[BlackTeamCountry "CRO"]

1. Nf3 Nf6 2. g3 d5 3. Bg2 c6 4. 0-0 Bg4 5. d4 e6 6. h3 Bf5 7. c4 Be7 8. Nc3 h6 9. Nd2 0-0 10. e4 dxe4 11. Ndxe4 Nbd7 12. Be3 Nxe4 13. Nxe4 Nf6 14. Nc3 Qd7 15. Qb3 Bd6 16. Rad1 Rfe8 17. Rfe1 Rac8 18. Kh2 a6 19. Na4 Qe7 1/2-1/2

[Event "CRO-chT1B 29th"]
[Site "Mali Losinj"]
[Date "2021.09.27"]
[Round "4.52"]
[White "Dobrovoljc, Vid"]
[Black "Medvegy, Zoltan"]
[Result "1/2-1/2"]
[WhiteElo "2409"]
[BlackElo "2521"]
[PlyCount "85"]
[EventDate "2021.09.25"]
[EventType "team-tourn"]
[EventRounds "11"]
[EventCountry "CRO"]
[SourceTitle "CBM 204 Extra"]
[Source "ChessBase"]
[SourceDate "2021.11.30"]
[SourceVersion "1"]
[SourceVersionDate "2021.11.30"]
[SourceQuality "1"]
[WhiteTeam "Rijeka Junior"]
[BlackTeam "Bibinje Goran"]
[WhiteTeamCountry "CRO"]
[BlackTeamCountry "CRO"]

1. e4 c6 2. d4 d5 3. Nc3 dxe4 4. Nxe4 Bf5 5. Ng3 Bg6 6. h4 h6 7. Nf3 Nd7 8. h5 Bh7 9. Bd3 Bxd3 10. Qxd3 e6 11. Bd2 Ngf6 12. 0-0-0 Be7 13. Kb1 Qb6 14. Nh4 0-0-0 15. c4 Qc7 16. Nf3 Rhe8 17. Bc3 c5 18. d5 Nb6 19. Be5 Bd6 20. Bxf6 gxf6 21. Ne4 f5 22. Nc3 a6 23. Rhe1 Kb8 24. Re3 Qe7 25. dxe6 fxe6 26. Nd5 Nxd5 27. cxd5 Qf6 28. Rxe6 Rxe6 29. dxe6 Bc7 30. Qe2 Rxd1+ 31. Qxd1 Qxe6 32. Qc1 Qe4+ 33. Qc2 Qg4 34. Qxc5 Qxg2 35. Qxf5 Qxf2 36. Qd5 Bb6 37. a3 Ka7 38. Ka2 Be3 39. Ne5 Bd4 40. Nc4 Bf6 41. a4 Qd4 42. Qxd4+ Bxd4 43. b4 1/2-1/2